000
00327nam a22001097a 4500
999
_c
14059
_d
14059
082
_a
297.66
100
_a
ڈاکٹر محمد یٰسین مظہر صدیقی
245
_a
نبی اکرم اور خواتین : ایک سماجی مطالعہ
260
_a
لاہور
_b
نشریات
_c
2011
300
_a
صفحات 234
942
_c
BK